000 00730nam a2200253Ia 4500
003 OSt
005 20221005032158.0
006 a|||||r|||| 00| 0
007 ta
008 221004b |||||||| |||| 00| 0 eng d
024 _a31084
037 _cTextual
040 _aCRL
_cCRL
_beng
041 _2eng
_aeng
082 _a248:7.73, M3
100 _aMcclure Charles R
245 0 _aImproving the quality of reference service of government publications
260 _aChicago
_bAmerican Library Association
_c1983
300 _a270p
_ccm.
650 _aLIBRARY SCIENCE
700 _a Hernon Peter
_932449
942 _h248:7.73, M3
_cTEXL
_2cc
999 _c939212
_d939212